Gaming Quiz

Random Gaming or Anime Quiz
Score 0/33 Timer 15:00
0 Plays Today
Faction Character % Correct
Hanzo AcademyAsuka
94.2%
Hanzo AcademyKatsuragi
86.7%
Crimson SquadHomura
85%
Hanzo AcademyHibari
84.2%
Hanzo AcademyIkaruga
83.3%
Hanzo AcademyYagyu
82.5%
Crimson SquadYomi
80%
Gessen AcademyYumi
80%
Crimson SquadMirai
79.2%
Hanzo Academy (Graduated)Rin
78.3%
Crimson SquadHikage
76.7%
Hebijo AcademyRyobi
75.8%
Hebijo AcademyRyona
75%
Crimson SquadHaruka
74.2%
Gessen AcademyShiki
72.5%
Hanzo Academy (Graduated)Daidoji
71.7%
Legendary ShinobiKagura
70%
Faction Character % Correct
Hebijo AcademyMiyabi
69.2%
Gessen AcademyMinori
66.7%
Gessen AcademyMurakumo
65.8%
Hebijo AcademyMurasaki
65.8%
Hebijo AcademyImu
64.2%
Hanzo AcademyAyame
63.3%
Gessen AcademyYozakura
62.5%
Mikagura SistersHanabi
60.8%
Hebijo Academy (Graduated)Ryoki
57.5%
Mikagura SistersKafuru
55.8%
Mikagura SistersRenka
55.8%
Legendary ShinobiSayori
53.3%
Legendary Shinobi GuardianNaraku
50.8%
Zodiac Star CommitteeLeo
45%
Hebijo AcademySouji
36.7%
Touno Tengu Ninja SquadYuyaki
35.8%
Remove Ads.
Support Sporcle.
Get the best of Sporcle when you Go Orange. This ad-free experience offers more features, more stats, and more fun while also helping to support Sporcle. Thank you for becoming a member.

You're not logged in!

Compare scores with friends on all Sporcle quizzes.
OR
Log In

Show Comments

Extras

Top Quizzes Today


Score Distribution

Your Account Isn't Verified!

In order to create a playlist on Sporcle, you need to verify the email address you used during registration. Go to your Sporcle Settings to finish the process.

Report this User

Report this user for behavior that violates our Community Guidelines.

Details: